Normal view
MARC view
Entry Personal Name
001 - CONTROL NUMBER
- control field: 13705
003 - CONTROL NUMBER IDENTIFIER
- control field: OSt
005 - DATE AND TIME OF LATEST TRANSACTION
- control field: 20200224113434.0
008 - FIXED-LENGTH DATA ELEMENTS
- fixed length control field: 200224|| aca||aabn | a|a d
040 ## - CATALOGING SOURCE
- Original cataloging agency: OSt
- Transcribing agency: OSt
100 ## - HEADING--PERSONAL NAME
- Personal name: Edited by Jan, Lindhe; Thorkild, Karring; Niklaus, P. Lang
670 ## - SOURCE DATA FOUND
- Source citation: Work cat.: (OSt)1544: Edited by Jan, Lindhe; Thorkild, Karring; Niklaus, P. Lang, Clinical Periodontology and Implant Dentistry, 2003.
